Républiques autonomes de l'Empire français - Statistiques

Statistiques générales
  • Ce quiz a été pris 20 fois
  • Le résultat moyen est 6 sur 13
Statistiques - réponses
République autonome % Correct
Côte d'Ivoire
80%
Sénégal
80%
Gabon
75%
Congo
70%
Mauritanie
65%
Niger
65%
Tchad
65%
République centrafricaine
60%
Dahomey
30%
Haute-Volta
30%
Fédération malienne
5%
République malgache
5%
République soudanaise
5%
Aucun quiz correspondant
Distribution des résultats
% des personnes avec chaque résultat
Percentile par nombre de réponses
Votre historique - résultats
Vous n’avez pas pris ce quiz